<?xml version="1.0" encoding="UTF-8"?><?xml-stylesheet type="text/xsl" href="static/style.xsl"?><OAI-PMH xmlns="http://www.openarchives.org/OAI/2.0/" xmlns:xsi="http://www.w3.org/2001/XMLSchema-instance" xsi:schemaLocation="http://www.openarchives.org/OAI/2.0/ http://www.openarchives.org/OAI/2.0/OAI-PMH.xsd"><responseDate>2026-06-01T09:14:30Z</responseDate><request verb="GetRecord" identifier="oai:riuma.uma.es:10630/23502" metadataPrefix="marc">https://riuma.uma.es/rest/oai/request</request><GetRecord><record><header><identifier>oai:riuma.uma.es:10630/23502</identifier><datestamp>2026-02-03T12:45:56Z</datestamp><setSpec>com_10630_2254</setSpec><setSpec>col_10630_37957</setSpec></header><metadata><record xmlns="http://www.loc.gov/MARC21/slim" xmlns:dcterms="http://purl.org/dc/terms/" xmlns:doc="http://www.lyncode.com/xoai" xmlns:xsi="http://www.w3.org/2001/XMLSchema-instance" xsi:schemaLocation="http://www.loc.gov/MARC21/slim http://www.loc.gov/standards/marcxml/schema/MARC21slim.xsd">
   <leader>00925njm 22002777a 4500</leader>
   <datafield ind2=" " ind1=" " tag="042">
      <subfield code="a">dc</subfield>
   </datafield>
   <datafield ind2=" " ind1=" " tag="720">
      <subfield code="a">González Sodis, José Luis</subfield>
      <subfield code="e">author</subfield>
   </datafield>
   <datafield ind2=" " ind1=" " tag="260">
      <subfield code="c">2021-12-20</subfield>
   </datafield>
   <datafield ind2=" " ind1=" " tag="520">
      <subfield code="a">Tesis de con metodología mixta en donde se realiza un análisis cuantitativo del estudio a partir de un cuestionario validado de violencia escolar (CUVE3) sobre la percepción que tienen los estudiantes de ESO de conflictos escolares en un centro educativo concertado de Málaga. Para el análisis estadístico descriptivo se utilizó software SPSS, JAS y JAMOVI. Se obtuvieron resultados significativos sobre los siguientes factores estructurales: disrupción en el aula, violencia verbal de alumnado a alumnado, violencia verbal de alumnado hacia profesorado, exclusión social, violencia física directa y amenazas entre estudiantes, violencia física indirecta por parte del alumnado, violencia a través de las tecnologías de la información y de la comunicación (TIC) y violencia del profesorado hacia el alumnado. Se realiza también un análisis factorial a partir del cuestionario realizado por los 220 alumnos. Se obtiene diez factores latentes que explican los 44 ítems analizados.&#xd;
Por otra parte, el análisis cualitativo se realiza a partir de treinta y una entrevista semiestructurada con docentes y orientadores utilizando redes semánticas con ATLAS.ti. Las entrevistas corroboran la existencia de violencia en el centro entre alumnos y de alumnado hacia el profesorado. Las conclusiones a las que se llegan son la existencia de ocho factores de violencia escolar por parte del alumnado fundamentalmente en los cursos de 3º y 4º de ESO, la disrupción y la violencia verbal son los conflictos más arraigados, no existe diferencia por géneros a la hora de percibir la conflictividad. Se propone a la dirección la necesidad de implementar la mediación entre iguales como método de resolución de conflictos para la mejora de la convivencia escolar.</subfield>
   </datafield>
   <datafield ind1="8" ind2=" " tag="024">
      <subfield code="a">https://hdl.handle.net/10630/23502</subfield>
   </datafield>
   <datafield tag="653" ind2=" " ind1=" ">
      <subfield code="a">Gestión de conflictos</subfield>
   </datafield>
   <datafield tag="653" ind2=" " ind1=" ">
      <subfield code="a">Orientación pedagógica</subfield>
   </datafield>
   <datafield tag="653" ind2=" " ind1=" ">
      <subfield code="a">Violencia</subfield>
   </datafield>
   <datafield ind2="0" ind1="0" tag="245">
      <subfield code="a">Estudio de la convivencia en un centro educativo concertado: análisis y propuestas pedagógicas para la implementación de la mediación escolar</subfield>
   </datafield>
</record>
</metadata></record></GetRecord></OAI-PMH>